You can do personal work / (Record no. 6245)
[ view plain ]
| 000 -LEADER | |
|---|---|
| fixed length control field | 00588nam a2200217Ii 4500 |
| 001 - CONTROL NUMBER | |
| control field | 5812903 |
| 003 - CONTROL NUMBER IDENTIFIER | |
| control field | OCoLC |
| 005 - DATE AND TIME OF LATEST TRANSACTION | |
| control field | 20190116124655.0 |
| 008 - FIXED-LENGTH DATA ELEMENTS--GENERAL INFORMATION | |
| fixed length control field | 791219s1973 txu b 000 0 eng d |
| 040 ## - CATALOGING SOURCE | |
| Original cataloging agency | NCU |
| Transcribing agency | NCU |
| Modifying agency | BSC |
| 082 ## - DEWEY DECIMAL CLASSIFICATION NUMBER | |
| Classification number | 253 |
| Item number | G259Y |
| 092 ## - LOCALLY ASSIGNED DEWEY CALL NUMBER (OCLC) | |
| Classification number | 253 |
| Item number | G223y, 1973 |
| 100 1# - MAIN ENTRY--PERSONAL NAME | |
| Personal name | Gatewood, Otis, |
| Dates associated with a name | 1911-1999. |
| 245 10 - TITLE STATEMENT | |
| Title | You can do personal work / |
| Statement of responsibility, etc. | by Otis Gatewood. |
| 250 ## - EDITION STATEMENT | |
| Edition statement | 5th ed., enl. |
| 260 ## - PUBLICATION, DISTRIBUTION, ETC. | |
| Place of publication, distribution, etc. | Abilene, Tex. : |
| Name of publisher, distributor, etc. | Contact, |
| Date of publication, distribution, etc. | c1973. |
| 300 ## - PHYSICAL DESCRIPTION | |
| Extent | xvi, 365 p. ; |
| Dimensions | 20 cm. |
| 504 ## - BIBLIOGRAPHY, ETC. NOTE | |
| Bibliography, etc. note | Bibliography: p. 361-365. |
| 650 #0 - SUBJECT ADDED ENTRY--TOPICAL TERM | |
| Topical term or geographic name entry element | Evangelistic work. |
| 942 ## - ADDED ENTRY ELEMENTS (KOHA) | |
| Source of classification or shelving scheme | Dewey Decimal Classification |
| Koha item type | Books |
| Withdrawn status | Lost status | Source of classification or shelving scheme | Damaged status | Not for loan | Collection code | Home library | Current library | Shelving location | Date acquired | Cost, normal purchase price | Total Checkouts | Full call number | Barcode | Date last seen | Price effective from | Koha item type |
|---|---|---|---|---|---|---|---|---|---|---|---|---|---|---|---|---|
| Dewey Decimal Classification | Non-fiction | Harvest Mission College | Harvest Mission College | General Stacks | 16.01.2019 | 950.00 | 253 G259Y | 007210 | 16.01.2019 | 16.01.2019 | Books |
